Lehninger : Principios de Bioquímica.
Uloženo v:
| Hlavní autor: | |
|---|---|
| Další autoři: | |
| Médium: | Neznámo |
| Vydáno: |
Barcelona, España:
Ediciones Omega BCN, S.L.,
2019.
|
| Vydání: | Séptima Edición. |
| Témata: | |
| Tagy: |
Přidat tag
Žádné tagy, Buďte první, kdo vytvoří štítek k tomuto záznamu!
|
MARC
| LEADER | 00000 a2200000 4500 | ||
|---|---|---|---|
| 003 | CL-VaPUC | ||
| 005 | 20250117102842.0 | ||
| 008 | 250106t2019 ||||| |||| 00| 0 eng d | ||
| 999 | |c 445812 |d 445810 | ||
| 020 | |a 9788428216678 | ||
| 040 | |c Pontificia Universidad Católica de Valparaíso | ||
| 082 | 7 | |a 572 NEL 2019 |2 22 | |
| 100 | |a Nelson, David L. |9 373285 |e autor | ||
| 245 | |a Lehninger : |b Principios de Bioquímica. | ||
| 250 | |a Séptima Edición. | ||
| 260 | |a Barcelona, España: |b Ediciones Omega BCN, S.L., |c 2019. | ||
| 300 | |a xxxiv, 1163 páginas : |b ilustraciones | ||
| 583 | |k GC |c 20250106 | ||
| 650 | |a Bioquímica |9 259492 | ||
| 650 | 0 | |a Bioenergética |9 264272 | |
| 700 | |a Cox, Michael M. |9 874728 |e autor | ||
| 942 | |2 ddc |c BK | ||
| 952 | |0 0 |1 0 |2 ddc |4 0 |6 572_000000000000000_NEL_2019 |7 0 |8 A |9 598864 |a BIBCUR |b BIBCUR |d 2025-01-06 |e 3 |g 165649.00 |i 5663802 |l 7 |m 2 |o 572 NEL 2019 |p 5663802 |q 2025-05-14 |r 2025-05-07 |s 2025-05-07 |t 1 |v 165649.00 |w 2025-01-06 |y BK |k KIN | ||